• 首页
  • 本馆介绍
  • 公告通知
  • 最新文献
  • 馆藏检索
  • 电子资源
  • 读者导购
  • 参考咨询
  • 我的图书馆
  • 登录
  • 详细信息显示
  • 放入我的书架
  • 预约/预借图书
  • 作者相关作品
  • 分类相关作品
  • 丛书相关作品
  • 出版社相关作品

书目信息

  • 表格格式
  • 工作单格式
  • 卡片格式
题名:
幼儿园语言教育与活动指导
    
 
作者: 周燕 主编
分册:  
出版信息: 南京   南京师范大学出版社  2018.09
页数: 185页
开本: 30cm
丛书名:
单 册:
中图分类: G613.2
科图分类:
主题词: 学前教育--语言教学--幼儿师范学校--教材
电子资源:
ISBN: 978-7-5651-3632-0
000 00973nam0 2200241 450
001 0103152702
005 20201103152733.0
010    @a978-7-5651-3632-0@dCNY35.00
100    @a20181129d2018 em y0chiy50 ea
101 0  @achi
102    @aCN@b320000
105    @aa z 000yy
106    @ar
200 1  @a幼儿园语言教育与活动指导@Ayou er yuan yu yan jiao yu yu huo dong zhi dao@f周燕主编
210    @a南京@c南京师范大学出版社@d2018.09
215    @a185页@c彩图, 彩照@d30cm
300    @a全国学前教育专业系列教材
330    @a本书整合了幼儿园语言教育的理论和实践方面的知识,以提问的形式分成九个主题进行解答和阐述,内容包括:语言教育与幼儿语言发展概述、幼儿园语言教育活动要达到的目标、幼儿园语言教育的内容、方法和途径、怎样设计与组织幼儿园谈话活动、怎样设计与组织幼儿园听说游戏活动等。
606 0  @a学前教育@x语言教学@x幼儿师范学校@j教材
690    @aG613.2@v5
701  0 @a周燕@Azhou yan@4主编
801  0 @aCN@bBJSZM@c20201103
905    @b1257986-90@dG613.2@e1116@f5
    
    幼儿园语言教育与活动指导/周燕主编.-南京:南京师范大学出版社,2018.09
    185页:彩图, 彩照;30cm
    全国学前教育专业系列教材
    
    ISBN 978-7-5651-3632-0:CNY35.00
    本书整合了幼儿园语言教育的理论和实践方面的知识,以提问的形式分成九个主题进行解答和阐述,内容包括:语言教育与幼儿语言发展概述、幼儿园语言教育活动要达到的目标、幼儿园语言教育的内容、方法和途径、怎样设计与组织幼儿园谈话活动、怎样设计与组织幼儿园听说游戏活动等。
●
相关链接 在E读中查询图书 在五车中查询图书 在当当中查询图书 在豆瓣中查询图书


正题名:幼儿园语言教育与活动指导     索取号:G613.2/1116         预约/预借

序号 登录号 条形码 馆藏地/架位号 状态 备注
1 1257986   212579869   第一样本阅览室/ [索取号:G613.2/1116] 在馆    
2 1257987   212579878   教育系资料室/ [索取号:G613.2/1116] 在馆    
3 1257988   212579887   教育系资料室/ [索取号:G613.2/1116] 在馆    
4 1257989   212579896   第四借阅区/ [索取号:G613.2/1116] 在馆    
5 1257990   212579903   第四借阅区/ [索取号:G613.2/1116] 在馆    
唐山师范学院图书馆 欢迎您!
大连网信软件有限公司© 版权所有